01039cam a2200325 i 45000010009000000050017000090080041000260100017000670200018000840200018001020200018001200410008001380420008001460820016001541000018001702450106001882600029002942640044003233000052003673360026004193370028004453380027004735040051005006500024005516500040005757000018006157000020006337000020006537000040006732296609120250402161753.0230209s2023 gw a b 001 0 eng  a 2023932399 a9783110738599 z9783110734133 z9783110734225 aeng apcc a338.926 MAU aMaurya, Alka 00aDisruptive Technologies In International Business : Challenges And Opportunities For Emerging Markets aBostonbDe Gruyterc2023 1aBerlin ;aBoston :bDe Gruyter,c[2023] a108 pages : 24 cmbcolor illustrations ;c25 cm atextbtxt2rdacontent aunmediatedbn2rdamedia avolumebnc2rdacarrier aIncludes bibliographical references and index. 0aTechnology Transfer 0aInternational business enterprises.1 aMaurya, Alka,1 aMunoz, J. Mark,1 aGaur, Loveleen,1 aMunoz, Mark J. and Singh, Gurinder,